000 00622nam a2200241Ia 4500
001 46859
005 20240114003809.0
007 ta
008 090403s g b000 u 346 u
040 _aCotton College,Assam
041 _a346
082 _a923.7
_bM 896 K
100 _aKabyanand, R D .
245 0 _aMahapurush Ashotosh /
_cRakhal Das Kabyananda.
_hTextual Documents
260 _aCalcutta :
_bBarendra Library ,
_c1984.
300 _a414p. ;
_c19 cm.
653 _aBengali
653 _aBiography
653 _aT/G-Bengali
942 _2ddc
_cBK
999 _c46824
_d46824